000 00656nam a2200277Ia 4500
005 20260324133929.0
008 008 260324s9999 xx 000 0 eng d
020 _a9781003060178
037 _aEBOOK
040 _aCRL
040 _beng
040 _cCRL
041 _2eng
041 _aeng
084 _qCRL
100 _aSusan Cave
_91194844
245 0 _aClassification and Diagnosis of Psychological Abnormality
260 _bTaylor and Francis
260 _c2002
365 _a
365 _b185
856 _uhttp://www.taylorfrancis.com/books/9781003060178
942 _cEBOOK
999 _c1794488
_d1794488